| 000 | 01176cam a22003251 4500 | ||
|---|---|---|---|
| 001 | 2166622 | ||
| 003 | ARRUPE | ||
| 005 | 20161026112245.0 | ||
| 008 | 730724s1961 nyuabf 000 0 eng | ||
| 010 | _a 61014331 | ||
| 040 |
_aDLC _cDLC _dDLC |
||
| 041 | 1 | _aengfre | |
| 050 | 0 | 0 |
_aQE501 _b.B563 1961 |
| 082 | 0 | 0 | _a550.82 |
| 100 | 1 |
_aBertin, Léon, _d1896-1956. _926940 |
|
| 240 | 1 | 0 |
_aTerre, notre planète. _lEnglish |
| 245 | 1 | 0 |
_aLarousse encyclopedia of the earth. _cForeword by Vivian Fuchs. Introd. by Carroll Lane Fenton. Editorial consultants (English ed.): Norman Harris [and others. Translated by R. Bradshaw and Mary M. Owen] |
| 260 |
_aNew York, _bPrometheus Press, _c1961. |
||
| 300 |
_a419 p. _billus., col. plates, maps. _c30 cm. |
||
| 500 | _aTranslation of La terre, notre planète. | ||
| 650 | 0 |
_aGeology. _91654 |
|
| 650 | 0 |
_aPhysical geography. _926941 |
|
| 650 | 0 |
_aMines and mineral resources. _926942 |
|
| 651 | 0 |
_aEarth (Planet) _926943 |
|
| 700 |
_aHarris, Norman _eed. _927005 |
||
| 700 |
_aBradshan, R _qtr. _927006 |
||
| 700 |
_aOwen, Mary _etr. _927007 |
||
| 906 |
_a7 _bcbc _corignew _du _eocip _f19 _gy-gencatlg |
||
| 942 |
_2lcc _cMONOGRAPH |
||
| 999 |
_c125565 _d125565 |
||